000 01162nam a22002897a 4500
005 20240530110454.0
008 150419s2010 xxu g b 000 0deng d
017 _a2010/7324
_bمصر . دار الكتب المصرية
020 _a9789774276002
040 _aEG-CaGPL
082 0 4 _221
_a370.1\
_bع ن
100 0 _aعبدالفتاح تركى
245 1 2 _aالنظرية التربوية و جدل الافكار و التحديات /
_cتاليف عبدالفتاح تركى ؛ تقديم حامد عمار
250 _aط1
260 _aالقاهرة :
_bالدار المصرية اللبنانية ،
_c2010.
300 _a319 ص ؛
_c24 سم .
490 _aافاق تربوية متجددة
504 _aيشتمل على ارجاعات ببليوجرافية
650 0 4 _aالتعليم
_xالطرق الاحصائية
650 0 4 _aالتعليم
_xمناهج
650 0 4 _aالتخطيط التربوى
650 0 4 _aالتعليم
_xاغراضة و اهدافة
650 0 4 _aالوسائل التعليمية
700 0 _aحامد عمار
_eمقدم
942 _2ddc
_cBK
999 _c61315
_d61315